Movies Quiz

Random Movies or Actor Quiz
Score 0/24 Timer 06:00
0 Plays Today
Question Answer Wrong Answers
Best Picture Crash
79.2%
Brokeback Mountain
10%
Capote
1.3%
Munich
0.4%
Best Actress Reese Witherspoon - Walk the Line
78.4%
Judi Dench - Mrs. Henderson Presents
2.6%
Felicity Hoffman - Transamerica
4.8%
Charlize Theron - North Country
4.8%
Best Supporting Actress Rachel Weisz - The Constant Gardener
72.3%
Amy Adams - Junebug
4.8%
Catherine Keener - Capote
6.5%
Frances McDormand - North Country
7.4%
Best Director Ang Lee - Brokeback Mountain
70.1%
Bennett Miller - Capote
2.2%
Paul Haggis - Crash
14.3%
Steven Spielberg - Munich
4.3%
Best Actor Philip Seymore Hoffman - Capote
69.7%
Terrence Howard - Hustle & Flow
2.6%
Heath Ledger - Brokeback Mountain
6.5%
Joaquin Phoenix - Walk the Line
14.3%
Best Costume Design Memoirs of a Geisha
66.7%
Charlie and the Chocolate Factory
18.6%
Mrs. Henderson Presents
4.8%
Walk the Line
2.6%
Best Original Song It's Hard out Here for a Pimp - Hustle & Flow
64.9%
In the Deep - Crash
22.1%
Travelin Thru - Transamerica
5.2%
Best Makeup The Chronicles of Narnia: The Lion, The Witch, and the Wardrobe
63.2%
Cinderella Man
13.4%
Star Wars: Episode III - Revenge of the Sith
15.2%
Best Adapted Screenplay Brokeback Mountain
62.8%
Capote
12.6%
The Constant Gardener
9.1%
Munich
6.1%
Best Documentary - Feature March of the Penguins
62.3%
Darwin's Nightmare
9.5%
Murderball
15.2%
Street Fight
5.6%
Best Art Direction Memoirs of a Geisha
59.7%
Good Night and Good Luck
6.1%
Harry Potter and the Goblet of fire
10.4%
King Kong
14.7%
Best Supporting Actor George Clooney - Syriana
58.9%
Matt Dillon - Crash
5.2%
Paul Giamatti - Cinderella Man
6.9%
Jake Gyllenhaal - Brokeback Mountain
21.2%
Best Original Screenplay Crash
55.8%
Good Night and Good Luck
18.6%
Match Point
5.6%
Syriana
12.1%
Best Film Editing Crash
55%
Cinderella Man
9.5%
The Constant Gardener
6.9%
Munich
20.3%
Best Animated Feature Film Wallace and Gromit: The Curse of the Were-Rabbit
53.7%
Howl's Moving Castle
18.2%
Corpse Bride
19.9%
Best Original Score Brokeback Mountain
50.6%
The Constant Gardener
3.5%
Memoirs of a Geisha
26%
Munich
10.4%
Best Visual Effects King Kong
50.6%
War of the worlds
14.7%
The Chronicles of Narnia: The Lion, the Witch, and the Wardrobe
26.8%
Best Foreign Language Film Tsotsi
50.2%
The Beast in the Heart
10.4%
Joyeux Noel
16.5%
Paradise Now
14.7%
Best Sound Editing King Kong
45.5%
Memoirs of a Geisha
18.2%
War of the Worlds
26.4%
Best Sound Mixing King Kong
35.5%
Memoirs of a Geisha
13%
Walk the Line
24.7%
War of the Worlds
17.3%
Best Cinematography Memoirs of a Geisha
30.3%
Batman Begins
5.6%
Brokeback Mountain
49.4%
The New World
4.8%
Best Documentary - Short Subject A Note of Triumph: The Golden Age of Norman Corwin
29.9%
The Death of Kevin Carter
9.1%
God Sleeps in Rwanda
42.4%
The Mushroom Club
10.4%
Best Live Action Short Film Six Shooter
29.9%
Cashback
16.5%
The Last Farm
19%
Our Time is Up
25.1%
Best Animated Short Film The Moon and the Son: An Imagined Conversation
24.2%
Badgered
6.9%
9
46.3%
One Man Band
13.9%
Remove Ads.
Support Sporcle.
Get the best of Sporcle when you Go Orange. This ad-free experience offers more features, more stats, and more fun while also helping to support Sporcle. Thank you for becoming a member.

You're not logged in!

Compare scores with friends on all Sporcle quizzes.
OR
Log In

Sporcle TV

Today on Sporcle TV


Watch our educational content, quiz creation guides, and fun videos on Sporcle TV.

Show Comments

Extras

Top Quizzes Today


Score Distribution

Paid Content

Your Account Isn't Verified!

In order to create a playlist on Sporcle, you need to verify the email address you used during registration. Go to your Sporcle Settings to finish the process.

Report this User

Report this user for behavior that violates our Community Guidelines.

Details: